Barcos vikings (Record no. 16329)

MARC details
000 -Etiqueta do registo
Valores 00757cam a2200265 4500
010 ## - Número ISBN
ISBN 972430079x
021 ## - Número do Depósito Legal
Número 34969/90
100 ## - Dados gerais de processamento
Dados gerais 19900604d1990 cd.y0pory5003 ba
200 1# - Titulo e menção de responsabilidade
Título próprio Barcos vikings
Primeira menção de responsabilidade Margaret Mulvihill
Outras menções de responsabilidade il. Tony Smith, Alex Pang
-- trad. Rui Rocha
-- rev. Américo Soares
210 #9 - Publicação
Local de publicação Porto
Nome do editor Edinter,
Data de publicação 1990
215 ## - Descrição física 
Paginação / Volumes 32 p.
Outras indicações físicas muito il. ;30 cm
225 2# - Colecção 
Título próprio da colecção Factos importantes da história:
Indicação de volume 3)
606 ## - Nome comum usado como assunto
ID Autoridade 171
Palavra de ordem Vikings
675 ## - CDU
Notação 087.5
Edição BN
Língua por
675 ## - CDU
Notação 629.121(48)
Edição BN
Língua por
675 ## - CDU
Notação 94(8)
Edição BN
Língua por
700 #1 - Autor principal (pessoa individual)
Apelido Mulvihill,
Nome Margaret
702 #1 - Autor secundário (pessoa individual)
Apelido Smith,
Nome Tony
702 #1 - Autor secundário (pessoa individual)
Apelido Pang,
Nome Alex
702 #1 - Autor secundário (pessoa individual)
Apelido Rocha,
Nome Rui
702 #1 - Autor secundário (pessoa individual)
ID Autoridade 1
Apelido Soares,
Nome Américo
801 #0 - Fonte de origem
País PT
Agência BN
Regras de catalogação RPC
990 ## - Elementos KOHA
Tipo de documento Livro
Holdings
Situação do levantamento Estado Biblioteca de origem Código de barras Cota Permissão de empréstimo Tipo de documento Forma de aquisição
    Biblioteca Municipal do Alandroal A7638/10-2 629.5 MOL   Livro Oferta

Powered by Koha